Statistics for BFDI Characters Quiz

Click here to take the quiz!

General Stats

  • This quiz has been taken 24 times
  • The average score is 89 of 142

Answer Stats

Answer% Correct
Loser
95%
Pen
95%
Pin
95%
Winner
95%
Pencil
90%
Price Tag
90%
Puffball
90%
8
80%
E
80%
Roboty
80%
8 Ball
75%
Basketball
75%
Bell
75%
Black Hole
75%
Bomby
75%
Book
75%
Bottle
75%
Bracelety
75%
Cake
75%
Coiny
75%
David
75%
Dora
75%
Eggy
75%
Firey
75%
Firey Jr
75%
Ice Cube
75%
Match
75%
1
70%
2
70%
4
70%
5
70%
6
70%
7
70%
9
70%
Barf Bag
70%
Blocky
70%
Bubble
70%
Clock
70%
Cloudy
70%
Donut
70%
Eraser
70%
Fanny
70%
Foldy
70%
Golf Ball
70%
Grassy
70%
Liy
70%
Pi
70%
Pie
70%
Rocky
70%
Ruby
70%
Snowball
70%
Stapy
70%
Taco
70%
Tree
70%
TV
70%
Yellow Face
70%
0
65%
10
65%
14
65%
9 Ball
65%
Balloony
65%
Evil Leafy
65%
Flower
65%
Fries
65%
Gaty
65%
Leafy
65%
Lightning
65%
Lollipop
65%
Marker
65%
Naily
65%
Needle
65%
Nickel
65%
Pillow
65%
Purple Face
65%
Remote
65%
Robot Flower
65%
Saw
65%
Spongy
65%
Teardrop
65%
Tennis Ball
65%
Woody
65%
15
60%
Announcer
60%
Battery
60%
Birthday Cake
60%
Blender
60%
Bug
60%
Camera
60%
Carrot Cake
60%
Dragon
60%
Firey Speaker Box
60%
Flower Speaker Box
60%
Gelatin
60%
Gramophone
60%
Pineapple
60%
Profily
60%
Puffball Speaker Box
60%
Rubber Spatula
60%
Scissors
60%
Tape
60%
X
60%
Anchor
55%
Avocado
55%
Cheese Orb
55%
Cherry Jr
55%
Conch Shell
55%
Discy
55%
Leek
55%
Nonexisty
55%
Onigiri
55%
Shampoo
55%
Shopping Cart
55%
Slingshot
55%
Steamy
55%
Boom Mic
50%
Burrito
50%
Clapboard
50%
Clip
50%
Domino
50%
Fish Monster
50%
Kitchen Sink
50%
Lewis
50%
PDA
50%
Rusty Coin
50%
Salt Lamp
50%
Snare Drum
50%
VHSy
50%
CRT
45%
Income Tax Return Document
45%
Ramen Noodles
45%
Tau
45%
Triangle Speaker Box
45%
Hexagon Speaker Box
40%
Portable Music Player
40%
Spike Ball Speaker Box
40%
BBQ Sauce
35%
Black and White Cookie
30%
Purple Round Speaker
30%
Square Root of 2
30%
Touch Tone
30%
Vegemiteon Toast
25%
Water Bottle
25%

Score Distribution

Percentile by Number Answered

Percent of People with Each Score

Your Score History

You have not taken this quiz